LEADER 00891nam a2200205 i 4500 001 000000224199 003 CaOOAMICUS 005 20131028000000.0 008 131028s1829 it u000 u lat u 013 $a203097 026 $aS.S. a.f- obr- XIac (3) 1829 (R) 040 $aSeMil$bita 245 10$aTomus 2. 300 $a[4], 556, [2] p. 773 0 $aGuillon, Marie Nicolas Sylvestre <1760-1847>$tCollectio selecta SS. Ecclesiae Patrum, complectens exquisitissima opera tum dogmatica et moralia, tum apologetica et oratoria; accurantibus D. Caillau ... una cum D.M.N.S. Guillon ..$dParisiis : Apud Méquignon-Havard, 1829-1840 (Parisiis : Typis Decourchant)$g2$w()28977 850 $aSeMil 852 $aSeMil$W1$xVenegono$y1$m2S II 2 FA$j174545$B174545$CSeMilBibl$Z2$F184619 $8I 941 1 $a10 961 $aRecupero: Mantegazza 996 $6245$aTomus 2$9(OLS)http://semarc/title/93022 LEADER 00975nam a2200205 i 4500 001 000000188396 003 CaOOAMICUS 005 20151005000000.0 008 151005s1887 it u000 u fre u 013 $a166579 040 $aSeMil$bita 100 1 $aLangénieux, Benoît-Marie,$d<1824-1905>.$0(OLS)http://semarc/name/61174 245 13$aLe bienheureux Urbain 2. :$bNotice biographique, Lettres pastorales sur son culte, Discours prononcé sur son honneur. 260 $aReims :$bArmand Lefèvre,$c1887. 300 $aCII, 333 p. ;$c17 cm. 600 04$aUrbano II .$0(OLS)http://semarc/subject/9784 850 $aSeMil 852 $aSeMil$W1$xVenegono$y1$m3G I 36 FA$j139051$B139051$CSeMilBibl$Z2$F150633 $8I 996 $6245$aLe bienheureux Urbain 2. :$bNotice biographique, Lettres pastorales sur son culte, Discours prononcé sur son honneur$9(OLS)http://semarc/title/271135 996 $6260$aReims :$bArmand Lefèvre$9(OLS)http://semarc/publisher/50072